Kegunaan teknik mainperanan dalam menyelesaikan dilema moral di kalangan pelajar tingkatan iv /
Saved in:
| Main Author: | |
|---|---|
| Format: | Thesis Book |
| Language: | Malay |
| Published: |
2000.
|
| Tags: |
Add Tag
No Tags, Be the first to tag this record!
|
| LEADER | 00985cam a2200241 i 4500 | ||
|---|---|---|---|
| 001 | u1127556 | ||
| 003 | SIRSI | ||
| 005 | 201911291144 | ||
| 008 | 191129s2000 my a m 000 0 may | ||
| 040 | |a UMD |e rda | ||
| 090 | |a LB7 |b B9 UM 2000 Ilh | ||
| 100 | 0 | |a Ilhavenil Narinasamy., |e author. | |
| 245 | 1 | 0 | |a Kegunaan teknik mainperanan dalam menyelesaikan dilema moral di kalangan pelajar tingkatan iv / |c Ilhavenil a/p Narinasamy. |
| 264 | 1 | |c 2000. | |
| 300 | |a v, 85 leaves : |b illustrations ; |c 30 cm | ||
| 502 | |b M.Ed.Soc.Sc. |c Jabatan Asas Pendidikan dan Kemanusiaan, Fakulti Pendidikan, Universiti Malaya |d 2000. | ||
| 504 | |a Bibliography: leaves 84-85. | ||
| 710 | 2 | |a Universiti Malaya. |b Jabatan Asas Pendidikan dan Kemanusiaan, |e degree granting institution. | |
| 336 | |a text$2rdacontent | ||
| 337 | |a unmediated$2rdamedia | ||
| 338 | |a volume$2rdacarrier | ||
| 596 | |a 8 | ||
| 999 | |a LB7 B9 UM 2000 ILH |w LC |c 1 |i A517753238 |f 30/9/2022 |g 1 |l STACKS |m P08PENDIDI |r Y |s Y |t TESIS |u 30/9/2022 |0 EDU |1 AHSS | ||
